00511nam a2200193 a 4500001001300000003000900013005001700022008004100039020001000080082001300090100002100103245005500124260003700179300000900216500003500225505001700260650001900277700002100296nice12345678IN_TiNIC20260116012053.0050524s1968 lona grp 000 0 eng  ac10000a248bSUL aSullivan, Martyn aFunny Thing Happened to Me on My Way to St. Paul`s aLondonbHodder & Stoughtonc1968 a128p aincludes index and biblioraphy2 aBibliography aChristian-Life1 aSullivan, Martyn